000 003170000a22001450004500
003 MACL
040 _aMACL
090 _c33875
_d33873
100 _aGraham, Buck
245 _aTCP/IP Addressing
260 _bMorgan Kaufmann Publishers
_c2001
350 _a295
650 _aComputer science
942 _cBOOK
_k004/Gra
999 _c33520
_d33520